000 00628am a2200229a 44500
003 AR-BaBNM
005 20251128210959.0
008 020513s1982 Arg|||||||||||000 | esp||
040 _cAR-BaBNM
100 1 _aBianchi de Zizzias, Elia A.
245 1 0 _aLa didáctica de la filosofía
250 _a1ª ed.
260 _aBuenos Aires
_bDocencia - Proyecto CINAE
_c1982
300 _a125 p.
500 _aEncuesta sobre enseñanza de la filosofia en el nivel medio
504 _aBibliografía general
650 4 _aFILOSOFIA
650 4 _aDIDACTICA
650 4 _aMETODOS DE ENSENANZA
942 _cBK
998 _calicia
999 _c17734
_d17734